000 00472nam a2200121Ia 4500
008 220620s9999||||xx |||||||||||||| ||und||
100 _aJose C. Sanchez-Garcia
245 0 _aEntrepreneurship Education and Training
546 _aEnglish[eng]
650 _aBusiness Administration||Social Sciences and Humanities||Management and Economics||Educational Management||Business
856 _uhttps://www.intechopen.com/books/entrepreneurship-education-and-training
942 _cEB
999 _c27272
_d27272